Online
Catalog

El proceso de desarrollo del capitalismo en la República Dominicana (1844-1930) / (Record no. 43615)

MARC details
000 -CABECERA
campo de control de longitud fija 00737nam a2200229 a 4500
001 - NÚMERO DE CONTROL
campo de control 000044126
003 - IDENTIFICADOR DEL NÚMERO DE CONTROL
campo de control DO-SdBNP
005 - FECHA Y HORA DE LA ÚLTIMA TRANSACCIÓN
campo de control 20210706095042.0
008 - DATOS DE LONGITUD FIJA--INFORMACIÓN GENERAL
campo de control de longitud fija 091016s1979 dr 000 0 spa d
040 ## - FUENTE DE LA CATALOGACIÓN
Centro catalogador/agencia de origen DO-SdBNP
Lengua de catalogación spa
Centro/agencia transcriptor BNPHU
082 ## - NÚMERO DE LA CLASIFICACIÓN DECIMAL DEWEY
Número de clasificación xxxx
Número de documento/Ítem B681
100 1# - ENTRADA PRINCIPAL--NOMBRE DE PERSONA
Nombre de persona Boin, Jacqueline
9 (RLIN) 7799
245 13 - MENCIÓN DE TÍTULO
Título El proceso de desarrollo del capitalismo en la República Dominicana (1844-1930) /
Mención de responsabilidad, etc. Jacqueline Boin, José Serrulle Ramia.
260 ## - PUBLICACIÓN, DISTRIBUCIÓN, ETC.
Lugar de publicación, distribución, etc. Santo Domingo :
Nombre del editor, distribuidor, etc. Ediciones Gramil,
Fecha de publicación, distribución, etc. 1979.
300 ## - DESCRIPCIÓN FÍSICA
Extensión v. ;
Dimensiones 22 cm.
500 ## - NOTA GENERAL
Nota general Traducido del idioma francés
500 ## - NOTA GENERAL
Nota general Incluye notas al pie de las páginas
590 ## - NOTA LOCAL (RLIN)
Nota local Inventariado, 2021 / DG
700 1# - PUNTO DE ACCESO ADICIONAL--NOMBRE DE PERSONA
Nombre de persona Serulle Ramia, José
9 (RLIN) 6953
910 ## - DATOS DE OPCIÓN DEL USUARIO (OCLC)
Datos de opción del usuario D/G
942 ## - ELEMENTOS DE PUNTO DE ACCESO ADICIONAL (KOHA)
Fuente del sistema de clasificación o colocación Dewey Decimal Classification
Tipo de ítem Koha Libro
Holdings
Estado de retiro Estado de pérdida No para préstamo Código de colección Localización permanente Ubicación/localización actual Ubicación en estantería Fecha de adquisición Número de inventario Total de préstamos Signatura topográfica completa Código de barras Fecha visto por última vez Precio válido a partir de Tipo de ítem Koha Fuente del sistema de clasificación o colocación Restricciones de uso Número de copia
    Excluido de préstamo Patrimonio Dominicano Patrimonio Dominicano Patrimonio Dominicano Depósito 16.05.2014 LF1   xxxx xxx 44126-10 25.06.2020 25.06.2020 Libro y Folleto Colección Patrimonio Dominicano      
    Préstamo restrigido Patrimonio Dominicano Biblioteca Nacional Pedro Henríquez Ureña Patrimonio Dominicano Depósito 06.07.2021     xxxx B681 2021-2424 06.07.2021 06.07.2021 Libro y Folleto Colección Patrimonio Dominicano Dewey Decimal Classification Excluido de préstamo e.2

Powered by Koha